| 000 | 003940000a22001570004500 | ||
|---|---|---|---|
| 001 | 001817 | ||
| 003 | MACL | ||
| 040 | _aMACL | ||
| 090 |
_c13810 _d13809 |
||
| 100 | _aReddy P.L. Sanjeev, | ||
| 245 |
_aSardar Vallabhbhai Patel The Nation Builder _cReddy P.L. Sanjeev |
||
| 260 |
_aIndian Institute Of Public Administration, _c2004 |
||
| 350 | _a490 | ||
| 650 | _aBiography | ||
| 942 |
_k920 _cBook |
||
| 999 |
_c13733 _d13733 |
||